| 000 | 00446nam a22001697a 4500 | ||
|---|---|---|---|
| 005 | 20230117114940.0 | ||
| 008 | 220209b ||||| |||| 00| 0 eng d | ||
| 020 | _a978-93-81595-12-1 | ||
| 041 | _aeng | ||
| 082 |
_a615.1 _bBOT-F |
||
| 100 | _aBOTHARA, DR.K.G AND BOTHARA, DR.K.K | ||
| 245 | _aFUNDAMENTALS OF PHARMACOLOGY [VOL-II] | ||
| 260 |
_aPUNE _bNIRALI PRAKASHAN |
||
| 300 | _aI.12;p | ||
| 650 |
_aPHARMACY _xB.PHARMA _97083 |
||
| 942 | _cBK | ||
| 999 |
_c7892 _d7890 |
||